| 000 | 00000nam 2200000za 4500 |
| 001 | 9.833417 |
| 003 | CaOODSP |
| 005 | 20221107150221 |
| 007 | cr ||||||||||| |
| 008 | 170306s1966 onc ||||oc f|0| 0 eng d |
| 040 | |aCaOODSP|beng |
| 043 | |an-cn--- |
| 086 | 1 |aCS98-1966/I-5E-PDF |
| 110 | 1 |aCanada. |bDominion Bureau of Statistics. |
| 245 | 10|aPublications of the 1966 census of Canada |h[electronic resource] : |bcensuses of population and agriculture. |
| 246 | 1 |iAt head of title:|aCanadian government publications |
| 260 | |aOttawa : |bDominion Bureau of Statistics, |c[1966] |
| 300 | |a13 p. |
| 500 | |aDigitized edition from print [produced by Statistics Canada]. |
| 500 | |aCover title. |
| 500 | |a"June 1966."--P. 3. |
| 500 | |aIssued also in French under title: Publications du Recensement du Canada de 1966 : recensements de la population et de l'agriculture. |
| 520 | |a"This Catalogue provides a listing of the publications being issued by the Dominion Bureau of Statistics on the results of the 1966 Census of Canada, relating to the Censuses of Population and Agriculture. ..."--Pref. |
| 692 | 07|2gccst|aCensus |
| 692 | 07|2gccst|aCatalogues |
| 775 | 08|tPublications du recensement du Canada de 1966 |w(CaOODSP)9.833427 |
| 856 | 40|qPDF|s416 KB|uhttps://publications.gc.ca/collections/collection_2017/statcan/CS98-1966-I-5-eng.pdf |